000 00639nam a2200241Ia 4500
003 OSt
005 20220924123116.0
006 a|||||r|||| 00| 0
007 ta
008 220923b |||||||| |||| 00| 0 ara d
024 _a344112
037 _cTextual
040 _aARTS
_cARTS
_bara
041 _2ara
_aara
082 _aTv46,N84, 28M4
245 0 _aAl-kitab-al-Nabawi-al-salis
260 _aManama
_bHistorical documents centre Bahrain
_c1984
300 _a250p.
_ccm.
650 _a EDUCATION
650 _aARABIC LANGUAGE
_931794
942 _hTv46,N84, 28M4
_cTEXL
_2CC
999 _c414354
_d414354